Statistiques concernant Groupes de choses - Départements Français

Cliquez ici pour prendre le quiz!

Statistiques générales

  • Ce quiz a été pris 733 fois
  • Le résultat moyen est 31 sur 46

Statistiques - réponses

GroupeRéponse% Correct
En 3 lettresAin
94%
Frontaliers de la SuisseAin
94%
Frontaliers de la SuisseHaute-Savoie
88%
Commençant par la lettre GGironde
86%
Traversés par la chaîne des PyrénéesPyrénées-Orientales
86%
Frontaliers de la SuisseJura
85%
Traversés par la chaîne des PyrénéesPyrénées-Atlantiques
85%
Faisant partie de la Région NormandieCalvados
84%
Commençant par la lettre GGers
83%
Commençant par la lettre GGard
82%
De moins de 1 000 km²Territoire de Belfort
81%
Frontaliers de la SuisseTerritoire de Belfort
81%
Faisant partie de la Région NormandieManche
80%
De moins de 1 000 km²Paris
80%
Comptant plus de 600 communesSeine-Maritime
79%
Faisant partie de la Région NormandieSeine-Maritime
79%
Faisant partie de la Région NormandieEure
78%
Traversés par la chaîne des PyrénéesHautes-Pyrénées
78%
Frontaliers de la SuisseDoubs
72%
En 3 lettresVar
72%
Couverts à plus de 50% par des forêtsVar
72%
Traversés par la chaîne des PyrénéesHaute-Garonne
70%
En 3 lettresLot
69%
Faisant partie de la Région NormandieOrne
69%
Traversés par la chaîne des PyrénéesAriège
68%
Frontaliers de la SuisseHaut-Rhin
68%
Commençant par la lettre GGuyane
66%
Couverts à plus de 50% par des forêtsGuyane
66%
Traversés par la chaîne des PyrénéesAude
64%
Commençant par la lettre GGuadeloupe
64%
Couverts à plus de 50% par des forêtsLandes
64%
De moins de 1 000 km²Seine-Saint-Denis
64%
Comptant plus de 600 communesNord
61%
De moins de 1 000 km²Val-de-Marne
60%
De moins de 1 000 km²Hauts-de-Seine
58%
Comptant plus de 600 communesPas-de-Calais
55%
De moins de 1 000 km²Mayotte
49%
Comptant plus de 600 communesAisne
44%
Comptant plus de 600 communesOise
44%
Couverts à plus de 50% par des forêtsLa Réunion
42%
Couverts à plus de 50% par des forêtsAlpes-Maritimes
36%
Comptant plus de 600 communesSomme
34%
Couverts à plus de 50% par des forêtsCorse-du-Sud
33%
Comptant plus de 600 communesMarne
33%
Comptant plus de 600 communesMoselle
33%
Comptant plus de 600 communesCôte-d'Or
21%

Distribution des résultats

Percentile par nombre de réponses

% des personnes avec chaque résultat

Votre développement - résultats

Vous n’avez pas pris ce quiz